[Event "Nichelino op-B 14th"]
[Site "Nichelino"]
[Date "2013.10.06"]
[Round "4"]
[White "Doromeychuk, Anton"]
[Black "Slav, Nicolai"]
[Result "1-0"]
[WhiteElo "1820"]
[BlackElo "1642"]
[PlyCount "59"]
[EventDate "2013.10.04"]
[EventType "swiss"]
[EventRounds "5"]
[EventCountry "ITA"]
[SourceTitle "EXT 2024"]
[Source "ChessBase"]
[SourceDate "2023.10.10"]
[SourceVersion "1"]
[SourceVersionDate "2023.10.10"]
[SourceQuality "1"]

1. c4 c5 2. g3 g6 3. Bg2 Bg7 4. Nc3 Nc6 5. Nf3 e6 6. e4 Nge7 7. 0-0 0-0 8. d3 d5 9. Qe2 b6 10. e5 Bb7 11. g4 a6 12. Bg5 Qd7 13. Rfe1 Nb8 14. Rad1 d4 15. Ne4 Bxe4 16. Qxe4 Nec6 17. Qf4 f6 18. exf6 Qf7 19. Ne5 Nxe5 20. Qxe5 Ra7 21. fxg7 Qxf2+ 22. Kh1 Re8 23. Rf1 Nd7 24. Rxf2 Nxe5 25. Bh6 Rf7 26. Rxf7 Nxf7 27. g5 Nxh6 28. gxh6 Rb8 29. Bh3 Re8 30. Rf1 1-0